| 000 | 00538nam a2200193 a 4500 | ||
|---|---|---|---|
| 001 | 4428 | ||
| 003 | CO-ViMGA | ||
| 008 | 141112s2004 ck r 000 u spa d | ||
| 040 |
_aCO-ViMGA _bspa _cCO-ViMGA |
||
| 082 | 0 | 4 | _a928.6 S458c |
| 100 | 1 |
_aCharry Lara, Fernando _94064 |
|
| 245 | 1 | 0 | _aJose asunción silva |
| 260 |
_aBogotá : _bProcultura, _c1989 |
||
| 300 | _a216 p : il | ||
| 490 | _aColección clásicos colombianos, 3 | ||
| 650 | 1 | 4 |
_aCRITICA E INTERPRETACION _955140 |
| 650 | 1 | 4 |
_aSilva, Jose Asunción _955141 |
| 942 |
_2ddc _cBK |
||
| 999 |
_c16438 _d16438 |
||